CompTIA Acronyms 1 - Statistics

General Stats
  • This quiz has been taken 63 times
  • The average score is 4 of 22
Answer Stats
Hint Answer % Correct
BIOS Basic Input Output System
60%
AC Alternating Current
57%
BYOD Bring Your Own Device
47%
ACL Access Control List
37%
BSOD Blue Screen of Death
37%
A/V Audio Video
33%
AP Access Point
27%
ARP Address Resolution Protocol
27%
AES Advanced Encryption Standard
20%
ATX Advanced Technology Extended
10%
APIPA Automatic Private Internet Protocol Addressing
10%
ATA Advanced Technology Attachment
7%
AHCI Advanced Host Controller Interface
3%
ADSL Asymmetrical Digital Subscriber Line
3%
ATM Asynchronous Transfer Mode
3%
ADF Automatic Document Feeder
3%
BNC Bayonet Neill Concelman
3%
AUP Acceptable Use Policy
0%
ACPI Advanced Configuration Power Interface
0%
APM Advanced Power Management
0%
ATAPI Advanced Technology Attachment Packet Interface
0%
ASR Automated System Recovery
0%
No matching quizzes found
Score Distribution
Percent of People with Each Score
Percentile by Number Answered
Your Score History
You have not taken this quiz